01109nam a2200181Ia 4500001001000000003001000010008004100020040002500061041001300086100002400099245003300123250001100156260008800167500026200255501011400517520026200631650003400893L235-9249IT-CnALBA170116s9999||||xx |||||||||||||| ||und|| aIT-CnALBAcIT-CnALBA aITALIANO aSCOGNAMIGLIO P. PIO 0aVITA DI SAN NICOLA DI BARI.  a1a ed. a ROMAbSCUOLA TIP. MISS. DOMENICANA c1930 [1° Ed.:1930 - Ed.Ling.Originale: 1930] aPATRIA E FAMIGLIA. TAVOLE FUORI TESTO. PASTORE. NICOLA E LA PERSECUZIONE. DIFENSORE DELLA VERITÀ CRISTIANA. APOSTOLO. PADRE. TRASLAZIONE DEL CORPO A BARI. PROTETTORE DEI PRIGIONIERI. CULTO A SAN NICOLA. BASILICA DI SAN NICOLA. PREGHIERE AL SANTO. MANNA DI aSocietà San Paolo EM - Piazza San Paolo, 14 - 12051 ALBA (CN) (non commercial uses only) ® Copyright 2017 aPATRIA E FAMIGLIA. TAVOLE FUORI TESTO. PASTORE. NICOLA E LA PERSECUZIONE. DIFENSORE DELLA VERITÀ CRISTIANA. APOSTOLO. PADRE. TRASLAZIONE DEL CORPO A BARI. PROTETTORE DEI PRIGIONIERI. CULTO A SAN NICOLA. BASILICA DI SAN NICOLA. PREGHIERE AL SANTO. MANNA DI aMARIA SS. ANGELI SANTI DEMONI